000 00569nam a2200169Ia 4500
008 230718s9999 xx 000 0 und d
020 _a9781849510189
041 _aeng
082 _a005.13'3
_bLUK
100 _aLukaszewski A.
_9202535
245 _aMySQL For Python
_bIntegrate The Flexibility Of Python And Power of MySQL To Boost The Productivity Of Your Applications
260 _c2010
_bPackt
300 _a417
_dRef 1610 C (63152)
365 _cRs.
_b3499.00
700 _aLukaszewski A.
_9202535
906 _dO:0726622-Sep-2021B:IN24625-Aug-2021
_cBCOMP
_b874.75
999 _c351941
_d351941